000
00357nam a2200169Ia 4500
003
0STCL
008
150530s9999 xx 000 0 und d
040
_a
STCL
_c
STCL
100
_a
Blackstone, B.
245
_a
Virginia woolf
250
_a
First
260
_c
1952
546
_a
English
942
_2
ddc
_c
BK
999
_c
61551
_d
61551
005
20220125171153.0